Κοινά ελληνικά πουλιά = Common Greek birds
Αποθηκεύτηκε σε:
| Μορφή: | Βιβλίο |
|---|---|
| Γλώσσα: | Greek English |
| Δημοσίευση: |
Αθήνα :
Μουσείο Γουλανδρή Φυσικής Ιστορίας,
1987.
|
| Θέματα: | |
| Ετικέτες: |
Προσθήκη ετικέτας
Δεν υπάρχουν, Καταχωρήστε ετικέτα πρώτοι!
|
MARC
| LEADER | 00000cam a2200000 i 4500 | ||
|---|---|---|---|
| 001 | 1/100315 | ||
| 008 | 950414s1987####gr | | ||| |||| ||gre|| | ||
| 035 | |l 10011651 | ||
| 040 | |a GR-MY-UA |b gre |e aacr | ||
| 041 | 0 | |a gre |h eng | |
| 082 | 0 | |a 598.09495 | |
| 245 | 1 | 0 | |a Κοινά ελληνικά πουλιά = |b Common Greek birds / |c Νίκος Πέτρου. |
| 246 | 1 | |i Παράλληλος τίτλος: |a Common Greek birds | |
| 260 | |a Αθήνα : |b Μουσείο Γουλανδρή Φυσικής Ιστορίας, |c 1987. | ||
| 300 | |a 46 σ. | ||
| 650 | 0 | 0 | |a Birds |z Greece. |
| 852 | |a INST |b LESVOS |e 19950414 |h 598.09495 ΠΕΤ |p 005100001588 |q 005100001588 |t BK |y 0 | ||
| 909 | |a Λ |b 020232 | ||
| 920 | |y Λέσβος |z 199107 | ||